000 00678nam a2200253Ia 4500
003 OSt
005 20221007100655.0
006 a|||||r|||| 00| 0
007 ta
008 221006b |||||||| |||| 00| 0 eng d
024 _a4,876
037 _cTextual
040 _aLCO
_cLCO
_beng
041 _2eng
_aeng
082 _aZ(Q2)OaX72, M3
100 _aDiwan Paras
245 0 _aTax Entity and Tax Planning Divice
260 _aDelhi
_bTaxmann India
_c1983
300 _a389
650 _aHindu Law and Tax Law
_9701956
700 _a Diwan B.K.
_9701957
942 _hZ(Q2)OaX72, M3
_cTEXL
999 _c1174439
_d1174439